[Event "TUR-chT Superleague 2018"]
[Site "Ankara"]
[Date "2018.08.02"]
[Round "9"]
[White "Can, Isik"]
[Black "Gulbeyaz, Emir"]
[Result "1/2-1/2"]
[WhiteElo "2377"]
[BlackElo "2208"]
[Annotator "NA"]
[PlyCount "70"]
[EventDate "2018.07.25"]
[EventType "team-tourn"]
[EventCountry "TUR"]
[SourceTitle "playchess.com"]
[Source "ChessBase"]
[SourceQuality "1"]
[TimeControl "40/5400+30:1800+30"]

1. e4 {[%emt 0:00:30]} d6 {[%emt 0:00:30]} 2. d4 {[%emt 0:00:30]} Nf6 {[%emt 0:00:30]} 3. Nc3 {[%emt 0:00:00]} g6 {[%emt 0:00:30]} 4. f4 {[%emt 0:00:00]} Bg7 {[%emt 0:00:30]} 5. Nf3 {[%emt 0:00:30]} O-O {[%emt 0:00:30]} 6. Bd3 {[%emt 0:00:30]} Na6 {[%emt 0:00:30]} 7. O-O {[%emt 0:00:30]} c5 {[%emt 0:00:30]} 8. d5 {[%emt 0:00:00]} Bg4 {[%emt 0:00:00]} 9. Bc4 {[%emt 0:00:00]} Nd7 {[%emt 0:00:00]} 10. h3 {[%emt 0:20:30]} Bxf3 {[%emt 0:00:30]} 11. Qxf3 {[%emt 0:00:30]} Nc7 {[%emt 0:00:00]} 12. a4 {[%emt 0:00:30]} a6 {[%emt 0:00:00]} 13. Qd3 {[%emt 0:02:30]} Rb8 {[%emt 0:02:30]} 14. a5 {[%emt 0:01:30]} b5 {[%emt 0:01:30]} 15. axb6 {[%emt 0:02:30]} Nxb6 {[%emt 0:00:30]} 16. b3 {[%emt 0:10:30]} e6 {[%emt 0:02:30]} 17. dxe6 {[%emt 0:20:30]} fxe6 {[%emt 0:01:30]} 18. Bd2 {[%emt 0:13:30]} Nxc4 {[%emt 0:04:30]} 19. bxc4 {[%emt 0:02:30]} Qd7 {[%emt 0:02:30]} 20. Rf3 {[%emt 0:02:47]} Rbd8 {[%emt 0:01:30]} 21. Raf1 {[%emt 0:03:07]} d5 {[%emt 0:06:30]} 22. cxd5 {[%emt 0:06:04]} exd5 {[%emt 0:00:30]} 23. exd5 {[%emt 0:00:00]} Nxd5 {[%emt 0:02:30]} 24. Qxa6 {[%emt 0:07:06]} Nb4 {[%emt 0:00:30]} 25. Qc4+ {[%emt 0:00:30]} Qf7 {[%emt 0:00:00]} 26. Qxf7+ {[%emt 0:00:00]} Rxf7 {[%emt 0:00:00]} 27. Ne4 {[%emt 0:00:00]} Re7 {[%emt 0:01:30]} 28. Bxb4 {[%emt 0:02:42]} cxb4 {[%emt 0:00:30]} 29. Ng3 {[%emt 0:01:07]} Rd2 {[%emt 0:01:30]} 30. f5 {[%emt 0:00:31]} Bd4+ {[%emt 0:01:30]} 31. Kh1 {[%emt 0:00:10]} Rxc2 {[%emt 0:00:30]} 32. Rd3 {[%emt 0:01:27]} Bf2 {[%emt 0:03:30]} 33. Rf3 {[%emt 0:01:34]} Bd4 {[%emt 0:05:30]} 34. Rd3 {[%emt 0:00:16]} Bf2 {[%emt 0:10:30]} 35. Rf3 {[%emt 0:01:54]} Bd4 {[%emt 0:10:30]} 1/2-1/2

[Event "TUR-chT Superleague 2018"]
[Site "Ankara"]
[Date "2018.08.02"]
[Round "9"]
[White "Apaydin, Fethi"]
[Black "Esen, Baris"]
[Result "1/2-1/2"]
[WhiteElo "2353"]
[BlackElo "2487"]
[Annotator "RC"]
[PlyCount "61"]
[EventDate "2018.07.25"]
[EventType "team-tourn"]
[EventCountry "TUR"]
[SourceTitle "playchess.com"]
[Source "ChessBase"]
[SourceQuality "1"]
[TimeControl "40/5400+30:1800+30"]

1. e4 {[%emt 0:00:30]} d5 {[%emt 0:00:30]} 2. Nc3 {[%emt 0:02:30]} dxe4 {[%emt 0:07:30]} 3. Nxe4 {[%emt 0:00:30]} Nd7 {[%emt 0:00:30]} 4. Bc4 {[%emt 0:04:30]} e6 {[%emt 0:10:30]} 5. d4 {[%emt 0:11:30]} Ngf6 {[%emt 0:01:30]} 6. Ng3 {[%emt 0:00:30]} c5 {[%emt 0:02:30]} 7. Nf3 {[%emt 0:03:30]} b5 {[%emt 0:06:30]} 8. Be2 {[%emt 0:09:30]} Bb7 {[%emt 0:04:30]} 9. O-O {[%emt 0:03:30]} a6 {[%emt 0:01:30]} 10. a4 {[%emt 0:07:30]} b4 {[%emt 0:01:30]} 11. c3 {[%emt 0:03:30]} bxc3 {[%emt 0:10:30]} 12. bxc3 {[%emt 0:03:30]} Bd6 {[%emt 0:00:30]} 13. Nd2 {[%emt 0:08:30]} O-O {[%emt 0:07:30]} 14. Nc4 {[%emt 0:00:00]} Be7 {[%emt 0:00:00]} 15. Rb1 {[%emt 0:18:00]} Bd5 {[%emt 0:06:00]} 16. Bf4 {[%emt 0:02:14]} Bxc4 {[%emt 0:08:30]} 17. Bxc4 {[%emt 0:00:30]} Nb6 {[%emt 0:00:30]} 18. Be2 {[%emt 0:02:01]} Nbd5 {[%emt 0:03:30]} 19. Bd2 {[%emt 0:00:34]} cxd4 {[%emt 0:01:30]} 20. cxd4 {[%emt 0:00:30]} a5 {[%emt 0:00:00]} 21. Rb5 {[%emt 0:03:27]} Bb4 {[%emt 0:01:00]} 22. Bf3 {[%emt 0:04:02]} Ra7 {[%emt 0:00:00]} 23. Ne4 {[%emt 0:02:10]} Nxe4 {[%emt 0:05:28]} 24. Bxe4 {[%emt 0:00:27]} Rd7 {[%emt 0:01:08]} 25. Bxd5 {[%emt 0:04:31]} Bxd2 {[%emt 0:02:32]} 26. Bxe6 {[%emt 0:00:56]} Rxd4 {[%emt 0:00:09]} 27. Bb3 {[%emt 0:00:31]} Bb4 {[%emt 0:00:43]} 28. Qc2 {[%emt 0:02:06]} g6 {[%emt 0:01:45]} 29. g3 {[%emt 0:00:37]} Rd2 {[%emt 0:01:40]} 30. Qc4 {[%emt 0:01:17]} Rd4 {[%emt 0:00:30]} 31. Qc2 {[%emt 0:00:20]} 1/2-1/2

[Event "TUR-chT Superleague 2018"]
[Site "Ankara"]
[Date "2018.08.02"]
[Round "9"]
[White "Savina, Anastasia"]
[Black "Buksa, Nataliya"]
[Result "0-1"]
[WhiteElo "2334"]
[BlackElo "2376"]
[Annotator "NA"]
[PlyCount "84"]
[EventDate "2018.07.25"]
[EventType "team-tourn"]
[EventCountry "TUR"]
[SourceTitle "playchess.com"]
[Source "ChessBase"]
[SourceQuality "1"]
[TimeControl "40/5400+30:1800+30"]

1. Nf3 {[%emt 0:00:30]} d5 {[%emt 0:00:30]} 2. c4 {[%emt 0:00:30]} e6 {[%emt 0:00:30]} 3. b3 {[%emt 0:00:30]} Nf6 {[%emt 0:00:30]} 4. Bb2 {[%emt 0:00:30]} c5 {[%emt 0:00:00]} 5. cxd5 {[%emt 0:00:00]} exd5 {[%emt 0:05:00]} 6. g3 {[%emt 0:00:00]} Nc6 {[%emt 0:01:30]} 7. Bg2 {[%emt 0:00:00]} d4 {[%emt 0:01:30]} 8. O-O {[%emt 0:00:00]} Be7 {[%emt 0:00:30]} 9. Na3 {[%emt 0:00:30]} O-O {[%emt 0:01:30]} 10. Nc4 {[%emt 0:00:30]} Be6 {[%emt 0:01:30]} 11. e3 {[%emt 0:02:30]} Rc8 {[%emt 0:17:30]} 12. exd4 {[%emt 0:05:30]} cxd4 {[%emt 0:03:30]} 13. Nce5 $11 {[%emt 0:11:30]} Nxe5 {[%emt 0:11:30]} 14. Nxe5 {[%emt 0:00:30]} Qb6 {[%emt 0:00:00]} 15. Re1 {[%emt 0:02:30]} Rfd8 {[%emt 0:02:00]} 16. Rc1 {[%emt 0:01:30]} Bc5 {[%emt 0:10:30]} 17. Nd3 {[%emt 0:10:30]} Bf8 {[%emt 0:00:00]} 18. Rxc8 {[%emt 0:03:30]} Rxc8 {[%emt 0:00:00]} 19. Nf4 {[%emt 0:10:30]} Bf5 {[%emt 0:05:30]} 20. Re5 {[%emt 0:22:30]} Bg4 {[%emt 0:04:30]} 21. Qa1 {[%emt 0:01:30]} Rd8 {[%emt 0:00:30]} 22. h3 {[%emt 0:01:30]} Bc8 {[%emt 0:01:30]} 23. Qf1 {[%emt 0:02:30]} Qc7 {[%emt 0:00:30]} 24. Qe1 {[%emt 0:06:58]} Qc2 {[%emt 0:07:30]} 25. Qc1 {[%emt 0:00:55]} Qxc1+ {[%emt 0:01:30]} 26. Bxc1 {[%emt 0:00:30]} Bd6 {[%emt 0:00:00]} 27. Ra5 {[%emt 0:03:24]} a6 {[%emt 0:01:00]} 28. Nd5 {[%emt 0:01:10]} b5 {[%emt 0:01:30]} 29. Nxf6+ {[%emt 0:07:58]} gxf6 {[%emt 0:00:30]} 30. Ba3 {[%emt 0:00:22]} Bc7 {[%emt 0:01:30]} 31. Bb4 {[%emt 0:00:07]} Bxa5 {[%emt 0:02:35]} 32. Bxa5 {[%emt 0:00:30]} Re8 {[%emt 0:00:30]} 33. Kf1 {[%emt 0:00:30]} Bf5 {[%emt 0:00:00]} 34. a3 {[%emt 0:04:29]} Bd3+ {[%emt 0:00:46]} 35. Kg1 {[%emt 0:00:01]} Bc2 {[%emt 0:03:24]} 36. Bb6 {[%emt 0:01:01]} Re1+ {[%emt 0:01:44]} 37. Kh2 {[%emt 0:00:30]} Re2 {[%emt 0:00:30]} 38. Bxd4 {[%emt 0:00:00]} Rxd2 {[%emt 0:00:00]} 39. Be3 {[%emt 0:00:37]} Rd3 {[%emt 0:00:16]} 40. Bb7 {[%emt 0:00:00]} a5 {[%emt 0:00:00]} 41. b4 {[%emt 0:15:47]} Rxa3 {[%emt 0:02:45]} 42. bxa5 {[%emt 0:01:05]} Rxa5 {[%emt 0:00:30]} 0-1

[Event "TUR-chT Superleague 2018"]
[Site "Ankara"]
[Date "2018.08.02"]
[Round "9"]
[White "Balajayeva, Khanim"]
[Black "Sade, Defne"]
[Result "1-0"]
[WhiteElo "2332"]
[BlackElo "1968"]
[Annotator "NA"]
[PlyCount "45"]
[EventDate "2018.07.25"]
[EventType "team-tourn"]
[EventCountry "TUR"]
[SourceTitle "playchess.com"]
[Source "ChessBase"]
[SourceQuality "1"]
[TimeControl "40/5400+30:1800+30"]

1. e4 {[%emt 0:00:30]} e5 {[%emt 0:00:30]} 2. Nf3 {[%emt 0:00:30]} Nc6 {[%emt 0:00:30]} 3. Nc3 {[%emt 0:00:30]} Nf6 {[%emt 0:00:30]} 4. Be2 {[%emt 0:00:30]} Be7 {[%emt 0:00:00]} 5. O-O {[%emt 0:00:00]} O-O {[%emt 0:00:00]} 6. d4 {[%emt 0:00:00] LiveBook: 4 Games} d6 {[%emt 0:00:30]} 7. h3 {[%emt 0:01:30]} Re8 {[%emt 0:00:30]} 8. Be3 {[%emt 0:05:30]} Bf8 {[%emt 0:00:30]} 9. Qd2 {[%emt 0:05:30]} Bd7 $14 {[%emt 0:05:30]} 10. dxe5 {[%emt 0:03:30]} Nxe5 {[%emt 0:04:30]} 11. Nxe5 {[%emt 0:09:30]} dxe5 {[%emt 0:04:30]} 12. Bg5 {[%emt 0:02:30]} Bc6 {[%emt 0:02:30]} 13. Qe3 {[%emt 0:07:30]} Qe7 {[%emt 0:03:30]} 14. Bb5 {[%emt 0:05:30]} Qe6 {[%emt 0:15:30]} 15. Rfd1 {[%emt 0:03:30]} a6 {[%emt 0:05:30]} 16. Bxc6 {[%emt 0:01:30]} Qxc6 {[%emt 0:00:30]} 17. Bxf6 {[%emt 0:04:30]} Qxf6 {[%emt 0:00:30]} 18. Nd5 {[%emt 0:00:30]} Qc6 {[%emt 0:00:30]} 19. Rd3 {[%emt 0:05:30]} Bd6 {[%emt 0:03:30]} 20. Rc3 {[%emt 0:02:30]} Qd7 {[%emt 0:00:30]} 21. Nf6+ {[%emt 0:01:30]} gxf6 {[%emt 0:01:30]} 22. Qh6 {[%emt 0:00:30]} Kh8 {[%emt 0:08:30]} 23. Rg3 {[%emt 0:00:00]} 1-0

[Event "TUR-chT Superleague 2018"]
[Site "Ankara"]
[Date "2018.08.02"]
[Round "9"]
[White "Kilic, Efe Mert"]
[Black "Yildirim, Ibrahim Halil"]
[Result "1-0"]
[WhiteElo "2317"]
[BlackElo "1783"]
[Annotator "NA"]
[PlyCount "95"]
[EventDate "2018.07.25"]
[EventType "team-tourn"]
[EventCountry "TUR"]
[SourceTitle "playchess.com"]
[Source "ChessBase"]
[SourceQuality "1"]
[TimeControl "40/5400+30:1800+30"]

1. e4 {[%emt 0:00:30]} e5 {[%emt 0:00:30]} 2. Bc4 {[%emt 0:00:30]} Nf6 {[%emt 0:00:30]} 3. d3 {[%emt 0:00:00]} c6 {[%emt 0:01:30]} 4. f4 {[%emt 0:06:00]} d5 {[%emt 0:26:30]} 5. fxe5 {[%emt 0:00:30]} Nxe4 {[%emt 0:01:30]} 6. Nf3 {[%emt 0:00:30]} dxc4 {[%emt 0:15:30]} 7. dxe4 {[%emt 0:00:00]} Qxd1+ {[%emt 0:04:30]} 8. Kxd1 {[%emt 0:00:00]} Bg4 {[%emt 0:00:30]} 9. Bf4 {[%emt 0:00:30]} Nd7 {[%emt 0:00:30]} 10. Nbd2 {[%emt 0:00:30]} O-O-O {[%emt 0:04:30]} 11. Kc1 {[%emt 0:16:30]} c3 {[%emt 0:08:30]} 12. Nc4 {[%emt 0:00:30]} Nc5 {[%emt 0:05:30]} 13. Re1 {[%emt 0:01:30]} Ne6 {[%emt 0:11:00]} 14. Bg3 {[%emt 0:01:30]} Bxf3 {[%emt 0:05:44]} 15. gxf3 {[%emt 0:00:30]} h5 {[%emt 0:00:46]} 16. h4 {[%emt 0:09:30]} cxb2+ {[%emt 0:07:35]} 17. Kxb2 {[%emt 0:01:30]} Bc5 {[%emt 0:00:22]} 18. Nd6+ {[%emt 0:00:00]} Bxd6 {[%emt 0:00:30]} 19. exd6 {[%emt 0:00:00]} f6 {[%emt 0:00:18]} 20. Rad1 {[%emt 0:00:30]} Kd7 {[%emt 0:02:51]} 21. f4 {[%emt 0:01:30]} c5 {[%emt 0:00:35]} 22. c3 {[%emt 0:01:30]} c4 {[%emt 0:00:40]} 23. Kc2 {[%emt 0:05:30]} Rhe8 {[%emt 0:00:32]} 24. Rd5 {[%emt 0:01:30]} g6 {[%emt 0:00:35]} 25. f5 {[%emt 0:00:30]} gxf5 {[%emt 0:00:30]} 26. Rxf5 {[%emt 0:00:00]} Rg8 {[%emt 0:00:26]} 27. Re3 {[%emt 0:00:00]} Rg6 {[%emt 0:00:32]} 28. Rxh5 {[%emt 0:00:30]} Rdg8 {[%emt 0:00:44]} 29. Rh7+ {[%emt 0:00:30]} Kc6 {[%emt 0:00:14]} 30. Re7 {[%emt 0:01:30]} Nc5 {[%emt 0:00:57]} 31. Rc7+ {[%emt 0:00:30]} Kb5 {[%emt 0:00:00]} 32. a4+ {[%emt 0:02:30]} Nxa4 {[%emt 0:00:29]} 33. Bf2 {[%emt 0:01:30]} Nc5 {[%emt 0:00:36]} 34. d7 {[%emt 0:03:30]} Ne6 {[%emt 0:00:27]} 35. Rxb7+ {[%emt 0:00:30]} Kc6 {[%emt 0:00:09]} 36. Rxa7 {[%emt 0:00:30]} Rg2 {[%emt 0:00:12]} 37. Rf3 {[%emt 0:02:30]} Rf8 {[%emt 0:01:11]} 38. Kd1 {[%emt 0:03:30]} Rg7 {[%emt 0:00:33]} 39. Bd4 {[%emt 0:02:30]} Nxd4 {[%emt 0:00:12]} 40. cxd4 {[%emt 0:00:30]} Rxd7 {[%emt 0:00:00]} 41. d5+ {[%emt 0:00:30]} Kd6 {[%emt 0:01:50]} 42. e5+ {[%emt 0:00:30]} Kxd5 {[%emt 0:07:30]} 43. Rxd7+ {[%emt 0:00:30]} Kxe5 {[%emt 0:00:00]} 44. Re7+ {[%emt 0:01:30]} Kd6 {[%emt 0:00:00]} 45. Re4 {[%emt 0:00:30]} Kd5 {[%emt 0:00:00]} 46. Rff4 {[%emt 0:00:00]} Rh8 {[%emt 0:01:00]} 47. Rxc4 {[%emt 0:00:00]} Ke6 {[%emt 0:00:30]} 48. Rc6+ {[%emt 0:00:30]} 1-0

[Event "TUR-chT Superleague 2018"]
[Site "Ankara"]
[Date "2018.08.02"]
[Round "9"]
[White "Ozenir, Ekin Baris"]
[Black "Ozen, Bahadir"]
[Result "0-1"]
[WhiteElo "2314"]
[BlackElo "2302"]
[Annotator "NA"]
[PlyCount "138"]
[EventDate "2018.07.25"]
[EventType "team-tourn"]
[EventCountry "TUR"]
[SourceTitle "playchess.com"]
[Source "ChessBase"]
[SourceQuality "1"]
[TimeControl "40/5400+30:1800+30"]

1. d4 {[%emt 0:00:30]} d5 {[%emt 0:00:30]} 2. c4 {[%emt 0:00:30]} e6 {[%emt 0:00:30]} 3. Nc3 {[%emt 0:00:30]} Nf6 {[%emt 0:00:30]} 4. cxd5 {[%emt 0:01:30]} exd5 {[%emt 0:00:30]} 5. Bg5 {[%emt 0:00:00]} Be7 {[%emt 0:00:30]} 6. e3 {[%emt 0:00:00]} O-O {[%emt 0:00:30]} 7. Bd3 {[%emt 0:00:30]} c6 {[%emt 0:01:30]} 8. Qc2 {[%emt 0:01:30]} Nbd7 {[%emt 0:00:30]} 9. Nge2 {[%emt 0:01:30]} Re8 {[%emt 0:00:30]} 10. O-O {[%emt 0:00:30]} Nf8 {[%emt 0:00:30]} 11. Rad1 {[%emt 0:04:30]} Ng6 {[%emt 0:04:30]} 12. Ng3 {[%emt 0:09:30]} Ng4 {[%emt 0:20:30]} 13. Bxe7 {[%emt 0:10:30]} Qxe7 {[%emt 0:00:00]} 14. Rfe1 {[%emt 0:02:30]} Bd7 {[%emt 0:03:00]} 15. Nf1 {[%emt 0:21:30]} Nf6 {[%emt 0:01:30]} 16. b4 {[%emt 0:04:30]} Nf8 {[%emt 0:10:30]} 17. Qb2 {[%emt 0:10:30]} Ne6 {[%emt 0:01:30]} 18. Ng3 {[%emt 0:05:30]} Qf8 {[%emt 0:02:30]} 19. a3 {[%emt 0:04:31]} b5 {[%emt 0:06:30]} 20. Bb1 {[%emt 0:02:15]} a5 {[%emt 0:00:00]} 21. f3 {[%emt 0:02:00]} axb4 {[%emt 0:00:00]} 22. axb4 {[%emt 0:00:00]} h5 {[%emt 0:01:30]} 23. e4 {[%emt 0:01:43]} h4 {[%emt 0:01:30]} 24. Nf5 {[%emt 0:01:34]} g6 {[%emt 0:00:30]} 25. Ne3 {[%emt 0:00:55]} Nf4 {[%emt 0:01:30]} 26. Rc1 {[%emt 0:09:54]} Qh6 {[%emt 0:01:30]} 27. e5 {[%emt 0:01:43]} N6h5 {[%emt 0:00:30]} 28. Ng4 {[%emt 0:01:40]} Qg5 {[%emt 0:00:30]} 29. h3 {[%emt 0:00:07]} Bxg4 {[%emt 0:00:30]} 30. fxg4 {[%emt 0:00:48]} Ng3 {[%emt 0:00:00]} 31. Kh2 {[%emt 0:00:34]} f6 {[%emt 0:00:00]} 32. Nd1 {[%emt 0:01:05]} Re6 {[%emt 0:00:00]} 33. Nf2 {[%emt 0:00:54]} Rae8 {[%emt 0:01:00]} 34. Nh1 {[%emt 0:00:43]} Nxh1 {[%emt 0:02:30]} 35. Kxh1 {[%emt 0:00:30]} fxe5 {[%emt 0:00:00]} 36. Rf1 {[%emt 0:00:32]} exd4 {[%emt 0:03:00]} 37. Qd2 {[%emt 0:00:28]} Rf6 {[%emt 0:03:30]} 38. Qxd4 {[%emt 0:00:19]} Qe5 {[%emt 0:00:30]} 39. Qxe5 {[%emt 0:00:41]} Rxe5 {[%emt 0:00:30]} 40. Bxg6 {[%emt 0:00:00]} Kg7 {[%emt 0:00:00]} 41. Bb1 {[%emt 0:11:34]} d4 {[%emt 0:23:00]} 42. Rcd1 {[%emt 0:07:45]} Nd5 {[%emt 0:02:30]} 43. Rxf6 {[%emt 0:06:03]} Kxf6 {[%emt 0:00:30]} 44. Bf5 {[%emt 0:01:06]} Nxb4 {[%emt 0:01:30]} 45. Rxd4 {[%emt 0:00:41]} Re1+ {[%emt 0:00:30]} 46. Kh2 {[%emt 0:00:00]} Nd5 {[%emt 0:00:00]} 47. Bd7 {[%emt 0:03:45]} Ke5 {[%emt 0:02:00]} 48. Rd3 {[%emt 0:00:31]} Kd6 {[%emt 0:06:30]} 49. Bf5 {[%emt 0:00:39]} c5 {[%emt 0:01:30]} 50. g5 {[%emt 0:03:12]} Re5 {[%emt 0:10:30]} 51. Rf3 {[%emt 0:00:25]} Ne7 {[%emt 0:00:00]} 52. Bc2 {[%emt 0:00:48]} Rxg5 {[%emt 0:01:00]} 53. Rf4 {[%emt 0:00:31]} Rh5 {[%emt 0:00:30]} 54. g4 {[%emt 0:00:31]} hxg3+ {[%emt 0:00:30]} 55. Kxg3 {[%emt 0:00:04]} c4 {[%emt 0:01:36]} 56. h4 {[%emt 0:00:46]} Rh8 {[%emt 0:00:27]} 57. Kf3 {[%emt 0:00:40]} Nd5 {[%emt 0:00:53]} 58. Rg4 {[%emt 0:00:24]} Kc5 {[%emt 0:01:03]} 59. Bg6 {[%emt 0:00:36]} b4 {[%emt 0:00:40]} 60. h5 {[%emt 0:00:30]} b3 {[%emt 0:00:19]} 61. Ke2 {[%emt 0:00:29]} Rf8 {[%emt 0:02:58]} 62. h6 {[%emt 0:00:58]} Nf4+ {[%emt 0:00:15]} 63. Kd2 {[%emt 0:00:03]} Nxg6 {[%emt 0:00:50]} 64. Rxg6 {[%emt 0:00:30]} Rf2+ {[%emt 0:00:00]} 65. Kc1 {[%emt 0:00:47]} Rh2 {[%emt 0:00:00]} 66. Rf6 {[%emt 0:00:25]} Kb4 {[%emt 0:00:03]} 67. Rg6 {[%emt 0:00:16]} Rh1+ {[%emt 0:01:53]} 68. Kd2 {[%emt 0:00:30]} c3+ {[%emt 0:00:00]} 69. Kd3 {[%emt 0:00:06]} c2 {[%emt 0:00:33]} 0-1

[Event "TUR-chT Superleague 2018"]
[Site "Ankara"]
[Date "2018.08.02"]
[Round "9"]
[White "Yildiz Kadioglu, Betul Cemre"]
[Black "Mammadzada, Gunay"]
[Result "0-1"]
[WhiteElo "2295"]
[BlackElo "2426"]
[Annotator "TA"]
[PlyCount "82"]
[EventDate "2018.07.25"]
[EventType "team-tourn"]
[EventCountry "TUR"]
[SourceTitle "playchess.com"]
[Source "ChessBase"]
[SourceQuality "1"]

{[%evp 12,82,-3,-10,-17,-6,-8,-12,-10,-25,-28,-56,-26,-46,-53,-71,-73,-72,-79,-79,-79,-98,-76,-106,-104,-133,-131,-139,-131,-140,-72,-72,-68,-83,-79,-83,-90,-114,-116,-67,-66,-92,0,0,0,0,0,-435,-426,-418,-412,-405,-401,-404,-422,-514,-505,-997,-988,-1674,-1595,-2987,-2571,-29980,-29981,-5018,-1607,-29988,-29978,-29989,-29989,-29989,-29990]} 1. e4 c5 2. Nf3 e6 3. c4 Nc6 4. Nc3 Nd4 5. Nxd4 cxd4 6. Ne2 {B40: Sicilian: 2...e6, Unusual lines} Nf6 7. d3 {LiveBook: 8 Games} Bb4+ (7... e5 8. Bd2 Qb6 9. Qb3 d6 10. h3 h5 11. g3 Nd7 12. Qxb6 axb6 13. b4 b5 14. cxb5 {0-1 (36) Vratonjic,S (2414)-Perunovic,M (2603) Novi Banovci 2017}) 8. Bd2 {The position is equal.} Bxd2+ 9. Qxd2 e5 10. g3 d6 11. Bg2 O-O 12. O-O a5 13. h3 $146 ({Predecessor:} 13. b3 Bd7 {0-1 (41) Kovanova,B (2408)-Danielian,E (2476) Eilat 2012}) 13... Nd7 14. f4 Nc5 15. f5 f6 16. g4 {[#]} b5 $1 {[%mdl 512]} 17. b3 (17. cxb5 a4) 17... Qb6 18. Rab1 Rb8 19. Qc2 Ba6 20. Ng3 bxc4 (20... Rb7 $142 21. a3 Qc6) 21. bxc4 $17 Qc6 22. Rxb8 Rxb8 23. g5 {[#]} Qa4 $1 {[%cal Ra4c2]} 24. Qe2 {[#]} Nxd3 $1 {[%mdl 512]} 25. Qxd3 Bxc4 26. Qd1 Qa3 (26... Qxd1 $17 27. Rxd1 Bxa2 28. gxf6 Rb1 29. Rxb1 Bxb1) 27. Qc1 $11 Qxa2 {[#] And now ...fxg5 would win.} 28. gxf6 $1 {[%mdl 512]} gxf6 $40 {[%mdl 128] Black is up to no good.} ({But not} 28... Rb2 $2 29. Bf3 $18) 29. Qh6 $2 {[%mdl 8192]} (29. Re1 $11 {and White has nothing to worry.}) 29... Rb2 $19 30. Bf3 Bxf1 31. Nxf1 Qf7 {Hoping for ...a4.} 32. Qc1 Rb3 33. Be2 {Black must now prevent Bc4.} Rc3 34. Qb2 (34. Qa1 $142 Rc2 35. Bf3) 34... a4 {[%cal Ba5a4,Ba4a3,Ba3a2][%mdl 32]} 35. Qb8+ Kg7 36. Kf2 a3 37. Ng3 a2 38. Nh5+ {[#]} Kh6 (38... Qxh5 $142 $1 {[%mdl 512]} 39. Qb7+ (39. Bxh5 a1=Q) 39... Qf7) 39. Qa8 Rc1 {Black mates.} 40. Qa5 Rc2 41. Ng3 d3 {Precision: White = 23%, Black = 79%.} 0-1